Buffalo Bills Players' Colleges - Statistics

General Stats
  • This quiz has been taken 145 times
  • The average score is 22 of 53
Answer Stats
Player College % Correct
Josh Allen Wyoming
94%
TJ Yeldon Alabama
85%
Robert Foster Alabama
85%
Levi Wallace Alabama
85%
Corey Thompson LSU
74%
Tre'Davious White LSU
74%
Reid Ferguson LSU
74%
Matt Barkley USC
70%
Frank Gore Miami
64%
Jon Feliciano Miami
64%
Jaquan Johnson Miami
64%
Shaq Lawson Clemson
62%
Isaiah McKenzie Georgia
60%
Ed Oliver Houston
60%
Tremaine Edmunds Virginia Tech
55%
Kurt Coleman Ohio State
53%
Cody Ford Oklahoma
53%
Jordan Phillips Oklahoma
53%
Ike Boettger Iowa
51%
Micah Hyde Iowa
51%
Dawson Knox Ole Miss
51%
Conor McDermott UCLA
49%
Trent Murphy Stanford
48%
Harrison Phillips Stanford
48%
Tommy Sweeney Boston College
47%
Matt Milano Boston College
47%
Devin Singletary Florida Atlantic
46%
Ryan Bates Penn State
45%
Jordan Poyer Oregon State
44%
Jerry Hughes TCU
39%
Tyrel Dodson Texas A&M
38%
Cole Beasley SMU
36%
Star Lotulelei Utah
35%
Dion Dawkins Temple
33%
Spencer Long Nebraska
29%
Mitch Morse Missouri
28%
Tyler Kroft Rutgers
28%
Zay Jones East Carolina
26%
Quinton Spain West Virginia
26%
Stephen Hauschka NC State
24%
Lorenzo Alexander California
20%
Taron Johnson Weber State
14%
Kevin Johnson Wake Forest
13%
Lee Smith Marshall
9%
John Brown Pittsburg State
8%
Andre Roberts The Citadel
8%
Siran Neal Jacksonville State
7%
Maurice Alexander Utah State
6%
Darryl Johnson Jr NC A&T
5%
Ty Nsekhe Texas State
5%
Corey Bojorquez Cerritos
2%
Dean Marlowe James Madison
2%
Julian Stanford Wagner
2%
No matching quizzes found
Score Distribution
Percent of People with Each Score
Percentile by Number Answered
Your Score History
You have not taken this quiz